[Event "RUS-ch Women Blitz 2019"]
[Site "Sochi"]
[Date "2019.10.17"]
[Round "5.3"]
[White "Karavaeva, Olga"]
[Black "Larina, Maria"]
[Result "1-0"]
[WhiteElo "2260"]
[BlackElo "1948"]
[Annotator "NA"]
[PlyCount "87"]
[EventDate "2019.10.17"]
[EventType "swiss"]
[EventCountry "RUS"]
[SourceTitle "playchess.com"]
[Source "ChessBase"]
[SourceQuality "1"]
[TimeControl "180+2"]

1. c4 {[%emt 0:00:00]} f5 {[%emt 0:00:00]} 2. Nc3 Nf6 3. g3 {[%emt 0:00:01]} g6 {[%emt 0:00:00]} 4. Bg2 Bg7 5. Nf3 {[%emt 0:00:09]} d6 {[%emt 0:00:01]} 6. d3 {[%emt 0:00:06]} O-O {[%emt 0:00:04]} 7. O-O {[%emt 0:00:02]} e5 {[%emt 0:00:12]} 8. Rb1 {[%emt 0:00:03]} a5 {[%emt 0:00:41]} 9. a3 {[%emt 0:00:01]} c6 {[%emt 0:00:16]} 10. Qc2 {[%emt 0:00:03]} Na6 {[%emt 0:00:04]} 11. b4 {[%emt 0:00:05]} axb4 {[%emt 0:00:01]} 12. axb4 {[%emt 0:00:01]} Qe7 {[%emt 0:00:04]} 13. b5 {[%emt 0:00:04]} Nc5 {[%emt 0:00:11]} 14. Be3 {[%emt 0:00:11]} Bd7 {[%emt 0:00:18]} 15. Rfd1 {[%emt 0:00:08]} Ng4 {[%emt 0:00:02]} 16. Bxc5 {[%emt 0:00:08]} dxc5 {[%emt 0:00:03]} 17. bxc6 {[%emt 0:00:05]} bxc6 {[%emt 0:00:17]} 18. h3 {[%emt 0:00:14]} Nf6 {[%emt 0:00:02]} 19. Rb7 {[%emt 0:00:02]} Qe8 {[%emt 0:00:12]} 20. Rdb1 {[%emt 0:00:10]} h6 {[%emt 0:00:04]} 21. Na4 {[%emt 0:00:13]} Bc8 {[%emt 0:00:05]} 22. Rc7 {[%emt 0:00:04]} Ra5 {[%emt 0:00:07]} 23. Rb8 {[%emt 0:00:21]} Qe6 {[%emt 0:00:06]} 24. Nh4 {[%emt 0:00:17]} Nd7 {[%emt 0:00:01]} 25. Rbxc8 {[%emt 0:00:04]} e4 {[%emt 0:00:09]} 26. Rxf8+ {[%emt 0:00:09]} Nxf8 {[%emt 0:00:05]} 27. dxe4 {[%emt 0:00:09]} fxe4 {[%emt 0:00:07]} 28. Rxg7+ {[%emt 0:00:12]} Kxg7 {[%emt 0:00:03]} 29. Qc3+ {[%emt 0:00:01]} Qf6 {[%emt 0:00:07]} 30. Qxa5 g5 31. Qc7+ {[%emt 0:00:07]} Kg8 {[%emt 0:00:07]} 32. Nxc5 {[%emt 0:00:19]} gxh4 {[%emt 0:00:05]} 33. Nxe4 {[%emt 0:00:03]} Qa1+ {[%emt 0:00:03]} 34. Kh2 {[%emt 0:00:01]} hxg3+ {[%emt 0:00:01]} 35. fxg3 {[%emt 0:00:01]} Qd4 {[%emt 0:00:12]} 36. Qxc6 {[%emt 0:00:07]} Qe3 {[%emt 0:00:03]} 37. Qd5+ {[%emt 0:00:04]} Kg7 {[%emt 0:00:04]} 38. Qe5+ {[%emt 0:00:02]} Kg6 {[%emt 0:00:08]} 39. Qf6+ {[%emt 0:00:05]} Kh7 {[%emt 0:00:06]} 40. Qxf8 {[%emt 0:00:05]} h5 {[%emt 0:00:04]} 41. Qf7+ {[%emt 0:00:03]} Kh8 {[%emt 0:00:02]} 42. Qxh5+ {[%emt 0:00:03]} Kg7 {[%emt 0:00:02]} 43. Qg5+ {[%emt 0:00:02]} Qxg5 {[%emt 0:00:03]} 44. Nxg5 {[%emt 0:00:00]} 1-0

[Event "RUS-ch Women Blitz 2019"]
[Site "Sochi"]
[Date "2019.10.17"]
[Round "5.4"]
[White "Shafigullina, Zarina"]
[Black "Guseva, Marina"]
[Result "0-1"]
[WhiteElo "2295"]
[BlackElo "2366"]
[Annotator "TA"]
[PlyCount "78"]
[EventDate "2019.10.17"]
[EventType "swiss"]
[EventCountry "RUS"]
[SourceTitle "playchess.com"]
[Source "ChessBase"]
[SourceQuality "1"]

{[%evp 17,80,1,7,2,15,16,0,-9,20,10,10,-18,0,-25,-30,-57,-51,-164,-114,-152,-144,-227,-231,-343,-328,-298,-233,-227,-227,-403,-70,-125,-131,-327,-352,-306,-200,-398,-391,-739,-746,-733,-725,-820,-770,-1454,-1405,-29997,-1345,-29985,-836,-812,-807,-812,-797,-1511,-967,-910,-904,-1068,-1077,-1002,-970,-29952,-10154]} 1. d4 Nf6 2. c4 e6 3. Nf3 b6 4. g3 Ba6 5. b3 Bb4+ 6. Bd2 Be7 7. Bg2 c6 8. O-O d5 9. Ne5 Nfd7 10. Nxd7 {E15: Queen's Indian: 4 g3 sidelines, 4 g3 Ba6 and 4 g3 Bb7 early deviations} Nxd7 {[%cal Bb8d7,Bd7c5,Bc5d3][%mdl 32]} 11. Qc2 Rc8 12. e4 {The position is equal.} dxc4 $146 ({Predecessor:} 12... c5 13. exd5 cxd4 14. Re1 O-O 15. a4 exd5 16. Bxd5 Nf6 17. Bf3 h6 {1-0 (47) Smirnov,V (2401)-Ikeda,J (2349) North Geelong 2012}) 13. bxc4 e5 14. Qa4 Bb7 15. d5 ({Reject} 15. Qxa7 Qc7 $17) 15... Nc5 $36 {[%mdl 2048] Black has good play.} 16. Qd1 Ba6 17. Qh5 (17. Na3 $15) 17... O-O 18. Rc1 cxd5 19. cxd5 (19. exd5 $17 Nd3 20. Rc3) 19... Nd3 $19 20. Rxc8 (20. Rc3 $142 Bb4 21. Qf3 Bxc3 22. Nxc3) 20... Qxc8 21. Bf1 Bc5 22. Bxd3 Bxd3 23. Qf3 $2 (23. Qf5 {keeps fighting.}) 23... Ba6 $2 (23... f5 $19 24. Qxd3 fxe4) 24. Nc3 {[#]} (24. g4 $1 $15) 24... f5 $1 $17 {[%cal Rf5e4]} 25. Qh5 $2 (25. Nd1 $17) 25... Bd4 $19 {...fxe4 is the strong threat.} 26. Rc1 Qd7 27. Kg2 $2 (27. Be3 {was worth a try.}) 27... fxe4 28. Nxe4 $2 (28. Be3 Bxe3 29. fxe3) 28... Qxd5 29. f3 Be2 30. Ng5 h6 31. Rc7 hxg5 32. Qxg5 Qxf3+ 33. Kh3 Qf5+ (33... e4 $142 34. Bc3 Bxc3 35. Rxc3 Qxc3 36. Qd5+ Kh8 37. Kh4 Qf3 38. Kh3 Rf4 39. Qa8+ Kh7 40. Qh8+ Kxh8 41. a4 Qf1#) 34. Qxf5 Rxf5 35. Rxa7 Rf2 36. Bg5 Bf1+ 37. Kg4 Rxh2 38. Kf5 Bd3+ 39. Ke6 {[#]} Rh5 {Played: Rh2xa2} 0-1

[Event "RUS-ch Women Blitz 2019"]
[Site "Sochi"]
[Date "2019.10.20"]
[Round "5.5"]
[White "Lagno, Kateryna"]
[Black "Badelka, Olga"]
[Result "1-0"]
[WhiteElo "2587"]
[BlackElo "2150"]
[Annotator "ChessBase"]
[PlyCount "61"]
[EventDate "2019.10.17"]
[EventType "swiss"]
[EventCountry "RUS"]
[SourceTitle "playchess.com"]
[Source "ChessBase"]
[SourceQuality "1"]
[TimeControl "180+2"]

1. e4 {[%emt 0:00:00]} c5 {[%emt 0:00:00]} 2. Nf3 {[%emt 0:00:01]} Nc6 {[%emt 0:00:00]} 3. d4 {[%emt 0:00:01]} cxd4 {[%emt 0:00:00]} 4. Nxd4 {[%emt 0:00:01]} e5 {[%emt 0:00:00]} 5. Nb5 {[%emt 0:00:03]} d6 {[%emt 0:00:01]} 6. N1c3 {[%emt 0:00:06]} a6 {[%emt 0:00:01]} 7. Na3 {[%emt 0:00:02]} Be7 {[%emt 0:00:01]} 8. Be3 {[%emt 0:00:14]} Nf6 {[%emt 0:00:23]} 9. Be2 {[%emt 0:00:04]} O-O {[%emt 0:00:20]} 10. Nc4 {[%emt 0:00:06]} b5 {[%emt 0:00:04]} 11. Nb6 {[%emt 0:00:02]} Rb8 {[%emt 0:00:02]} 12. Nxc8 {[%emt 0:00:02]} Rxc8 {[%emt 0:00:17]} 13. O-O {[%emt 0:00:03]} Na5 {[%emt 0:00:41]} 14. a4 {[%emt 0:00:14]} Nc4 {[%emt 0:00:12]} 15. Bxc4 {[%emt 0:00:32]} bxc4 {[%emt 0:00:06]} 16. Qe2 {[%emt 0:00:08]} Qa5 {[%emt 0:00:05]} 17. Bd2 {[%emt 0:00:17]} Qb6 {[%emt 0:00:06]} 18. Rab1 {[%emt 0:00:16]} Rfd8 {[%emt 0:00:04]} 19. b4 {[%emt 0:00:18]} cxb3 {[%emt 0:00:13]} 20. cxb3 {[%emt 0:00:01]} d5 {[%emt 0:00:23]} 21. exd5 {[%emt 0:00:05]} Nxd5 {[%emt 0:00:01]} 22. Nxd5 {[%emt 0:00:05]} Rxd5 {[%emt 0:00:00]} 23. b4 {[%emt 0:00:17]} Rc2 {[%emt 0:00:20]} 24. Be3 {[%emt 0:00:02]} Rxe2 {[%emt 0:00:14]} 25. Bxb6 {[%emt 0:00:01]} Ra2 {[%emt 0:00:03]} 26. a5 {[%emt 0:00:02]} f6 {[%emt 0:00:04]} 27. Rfc1 {[%emt 0:00:07]} Kf7 {[%emt 0:00:04]} 28. Rc7 {[%emt 0:00:06]} Ke6 {[%emt 0:00:01]} 29. h3 {[%emt 0:00:02]} Ra4 {[%emt 0:00:03]} 30. Ra7 {[%emt 0:00:03]} Rxb4 {[%emt 0:00:03]} 31. Rxe7+ {[%emt 0:00:02]} 1-0

[Event "RUS-ch Women Blitz 2019"]
[Site "Sochi"]
[Date "2019.10.17"]
[Round "5.5"]
[White "Ambartsumova, Karina"]
[Black "Borisova, Ekaterina"]
[Result "1-0"]
[WhiteElo "2341"]
[BlackElo "2347"]
[Annotator "TA"]
[PlyCount "89"]
[EventDate "2019.10.17"]
[EventType "swiss"]
[EventCountry "RUS"]
[SourceTitle "playchess.com"]
[Source "ChessBase"]
[SourceQuality "1"]

{[%evp 14,89,11,0,16,0,0,0,81,67,79,58,48,47,47,31,47,22,39,34,112,114,100,108,116,118,131,122,341,135,127,91,262,279,322,195,206,188,183,160,222,180,163,143,183,156,303,0,280,121,121,4,0,0,0,0,0,0,217,159,159,144,189,150,154,117,247,-1044,639,0,215,232,462,418,966,991,29998,29999]} 1. c4 c6 2. Nf3 Nf6 3. e3 d5 4. Nc3 e6 5. b3 Nbd7 6. Bb2 Bd6 7. Be2 O-O 8. Qc2 Qe7 {A11: English Opening: 1...c6} 9. Rg1 (9. O-O b6 10. cxd5 cxd5 11. Nb5 Ba6 12. Qd1 Bxb5 13. Bxb5 a6 14. Be2 Ba3 15. Qc1 Bxb2 16. Qxb2 {½-½ (33) Ivanchuk,V (2728)-Duda,J (2707) Tbilisi 2017}) 9... e5 10. g4 e4 (10... dxc4 $11 11. bxc4 e4) 11. Nd4 $1 $16 Nb6 12. g5 Ne8 $1 13. h4 $146 ({Predecessor:} 13. cxd5 cxd5 14. O-O-O Bd7 15. d3 Rc8 16. Kb1 {1-0 (28) Wolanski,M (1923)-Kulpinski,P (1859) Wagrowiec 2017}) 13... Bh2 14. Rh1 Be5 15. cxd5 Bxd4 16. exd4 cxd5 ({Black should play} 16... Nxd5 $14 17. Qxe4 Qxe4 18. Nxe4 Nec7) 17. Nb5 $1 a6 18. Ba3 Qd8 19. Bxf8 axb5 20. Bb4 Bf5 $2 {[#]} (20... Nc7 $16 {is a better defense.} 21. Qc3 Bd7) 21. Rc1 $2 (21. Bxb5 Nc7 $16) (21. Qc5 $1 $18 {[%csl Gb4][%cal Rc5f8]} Nd7 22. Qxd5 {[%mdl 64] Double Attack}) 21... Rc8 22. Qb2 Rxc1+ $2 (22... Ra8 $16) 23. Qxc1 $18 Nc8 24. Bxb5 {And now Qc5 would win.} Nc7 25. Be2 Ne6 26. Rg1 Nxd4 (26... Na7 $16 27. Qa3 Nc6) 27. Bc5 Nc6 28. Rg3 N8e7 29. b4 {Strongly threatening b5.} d4 (29... Ng6 $16 {was called for.}) 30. Bc4 $2 (30. b5 $18 Ne5 31. Qb2) 30... d3 $2 {[%mdl 8192]} (30... Ng6 $1 $11) 31. b5 (31. h5 $18 {and White stays clearly on top.}) 31... Ne5 $16 32. Bxe7 (32. Bb3 $16) 32... Qxe7 $11 33. Bd5 Nf3+ 34. Kd1 g6 35. Qc3 Ne5 $2 (35... Qd6 $11 36. Bb3 (36. Bxb7 Qb6 $11 {[%mdl 64] Double Attack}) 36... Nd4) 36. Re3 Ng4 37. Re1 {Black must now prevent f3.} Nxf2+ 38. Kc1 Ng4 39. Kb2 h5 (39... e3 $16) 40. Qa3 $4 {[%mdl 8192]} (40. gxh6 $18 Nxh6 41. Rh1) 40... Qc7 $4 {[%mdl 8192]} (40... Qe5+ $19 41. Qc3 Qxd5) 41. Qc3 $2 (41. Qa8+ $18 Kg7 42. Qxb7 Qe5+ 43. Kb1 $1 {[%mdl 512]}) 41... Qb6 $2 {[#]} (41... Qg3 $1 $11 {and Black has nothing to worry.} 42. Rf1 Ne3 43. Bxf7+ (43. dxe3 Qg2+ {[%mdl 64] Double Attack} 44. Ka3 Qxf1 $11) 43... Kxf7 44. Qf6+ Ke8 45. Qh8+ Kf7 46. Qh7+ Kf8 47. Qh8+ Kf7 48. Qh7+ Ke6 $1 {[%mdl 512]} 49. Qg8+ Ke7 $1 {[%mdl 512]} 50. Qg7+ Kd6 51. Qf8+ Kd5 52. Qf7+ Kc5 $1 {[%mdl 512]} 53. Qe7+ (53. Qxb7 {gets mated.} Qe5+ 54. Kb1 Nxf1 55. Qc6+ Kb4 56. Qc1 e3 57. a3+ Kxb5 58. Qxf1 e2 59. Qc1 e1=Q 60. a4+ Kxa4 61. Qxe1 Qxe1+ 62. Kb2 Qxd2+ 63. Kb1 Ka3 64. Ka1 Qe1#) 53... Kb6 54. Qd8+ Ka7 55. Qd4+ b6 56. Qg7+ (56. Qxe3 Qe5+ 57. Ka3 Qd6+ 58. Kb2 Qe5+ 59. Ka3 Qd6+ 60. Kb2 Qe5+ $11) 56... Kb8 57. dxe3 Qg2+ {[%mdl 64] Double Attack} 58. Ka3 Qxf1 59. Qe5+ Kc8 60. Qe8+ Kc7 61. Qf7+ Kd8 62. Qf8+ Kd7 63. Qf7+ Kd8 64. Qf8+ Kd7 65. Qf7+ Kd8) 42. a4 $1 $40 {[%mdl 128] White has strong attack.} (42. Bxe4 Qf2 $11) 42... e3 $2 (42... Qd6 43. Bxe4 (43. Bxb7 e3 $11) 43... Qe7) 43. dxe3 Nxe3 (43... Be6 $142) 44. Bb3 Ng2 45. Re8+ {Accuracy: White = 38%, Black = 22%.} 1-0

[Event "RUS-ch Women Blitz 2019"]
[Site "Sochi"]
[Date "2019.10.17"]
[Round "5.6"]
[White "Gvanceladze, Anna"]
[Black "Bivol, Alina"]
[Result "0-1"]
[WhiteElo "2270"]
[BlackElo "2371"]
[Annotator "NA RC"]
[PlyCount "78"]
[EventDate "2019.10.17"]
[EventType "swiss"]
[EventCountry "RUS"]
[SourceTitle "playchess.com"]
[Source "ChessBase"]
[SourceQuality "1"]
[TimeControl "180+2"]

1. d4 {[%emt 0:00:00]} Nf6 {[%emt 0:00:00]} 2. Nf3 {[%emt 0:00:01]} g6 {[%emt 0:00:00]} 3. c4 {[%emt 0:00:03]} Bg7 {[%emt 0:00:00]} 4. g3 {[%emt 0:00:01]} O-O {[%emt 0:00:02]} 5. Bg2 {[%emt 0:00:01]} d6 {[%emt 0:00:01]} 6. Nc3 {[%emt 0:00:04]} Nbd7 {[%emt 0:00:01]} 7. O-O {[%emt 0:00:05]} e5 {[%emt 0:00:00]} 8. e4 {[%emt 0:00:05]} exd4 {[%emt 0:00:02]} 9. Nxd4 {[%emt 0:00:02]} Re8 {[%emt 0:00:01]} 10. Re1 {[%emt 0:00:06]} Nc5 {[%emt 0:00:01]} 11. h3 {[%emt 0:00:23]} Bd7 {[%emt 0:00:01]} 12. b3 {[%emt 0:00:43]} a5 {[%emt 0:00:01]} 13. Bb2 {[%emt 0:00:01] E68: King's Indian: Fianchetto: 6...Nbd7 7 0-0 e5 8 e4} Qc8 {[%emt 0:00:01]} 14. Kh2 {[%emt 0:00:03]} h5 $146 {[%emt 0:00:04]} ({Predecessor:} 14... a4 15. Rb1 axb3 16. axb3 h5 17. b4 Ne6 {½-½ (17) Michel Yunis,C (2368)-Valenzuela Fuentealba,L (2496) Antofagasta 2012}) 15. Qd2 {[%emt 0:00:32]} a4 {[%emt 0:00:33]} 16. b4 {[%emt 0:00:07]} a3 {[%emt 0:00:01]} 17. Bc1 {[%emt 0:00:26]} Na4 {[%emt 0:00:01]} 18. Rb1 {[%emt 0:00:13]} Nxc3 {[%emt 0:00:04]} 19. Qxc3 {[%emt 0:00:00]} c5 {[%emt 0:00:01]} 20. bxc5 {[%emt 0:00:11]} dxc5 {[%emt 0:00:01]} 21. Nb5 {[%emt 0:00:02] [#]} Ng4+ $1 {[%emt 0:00:21] Discovered Attack} 22. hxg4 {[%emt 0:00:08]} Bxc3 {[%emt 0:00:01]} 23. Nxc3 {[%emt 0:00:01]} Bxg4 {[%emt 0:00:01]} 24. Nd5 {[%emt 0:00:04]} Ra6 {[%emt 0:00:14]} 25. Bg5 {[%emt 0:00:09]} Kh7 {[%emt 0:00:41]} 26. Nf6+ {[%emt 0:00:03] [#]} Rxf6 $1 {[%emt 0:00:01]} 27. Bxf6 {[%emt 0:00:01]} Qe6 {[%emt 0:00:07]} 28. e5 {[%emt 0:00:09]} Qxc4 {[%emt 0:00:01]} 29. Rb3 {[%emt 0:00:03]} b5 {[%emt 0:00:09]} 30. Rxa3 {[%emt 0:00:05]} Be6 {[%emt 0:00:01]} 31. Ra7 $2 {[%emt 0:00:03]} (31. Rd1 {was necessary.}) 31... Qc2 {[%emt 0:00:08]} 32. Kg1 {[%emt 0:00:04]} c4 {[%emt 0:00:07]} 33. Be4 {[%emt 0:00:01]} Qd2 {[%emt 0:00:03]} 34. Rb1 {[%emt 0:00:01]} c3 {[%emt 0:00:06]} 35. Rc7 {[%emt 0:00:02]} Rc8 {[%emt 0:00:05]} 36. Rxc8 {[%emt 0:00:04]} Bxc8 {[%emt 0:00:00]} 37. Rxb5 {[%emt 0:00:01]} Qe1+ {[%emt 0:00:01]} 38. Kh2 {[%emt 0:00:01]} Qxe4 {[%emt 0:00:01]} 39. Rc5 {[%emt 0:00:03]} Bb7 {[%emt 0:00:12]} 0-1

[Event "RUS-ch Women Blitz 2019"]
[Site "Sochi"]
[Date "2019.10.20"]
[Round "5.7"]
[White "Gritsayeva, Oksana"]
[Black "Chan, Naruna"]
[Result "1/2-1/2"]
[WhiteElo "2370"]
[BlackElo "1936"]
[Annotator "NA"]
[PlyCount "95"]
[EventDate "2019.10.17"]
[EventType "swiss"]
[EventCountry "RUS"]
[SourceTitle "playchess.com"]
[Source "ChessBase"]
[SourceQuality "1"]
[TimeControl "180+2"]

1. e4 {[%emt 0:00:00]} c5 {[%emt 0:00:00]} 2. Nf3 {[%emt 0:00:00]} Nc6 {[%emt 0:00:01]} 3. Bb5 {[%emt 0:00:01]} g6 {[%emt 0:00:07]} 4. Bxc6 {[%emt 0:00:02]} bxc6 {[%emt 0:00:03]} 5. O-O {[%emt 0:00:02]} Bg7 {[%emt 0:00:05]} 6. Re1 {[%emt 0:00:01]} d6 {[%emt 0:00:35]} 7. h3 {[%emt 0:00:17]} Nh6 {[%emt 0:00:04]} 8. c3 {[%emt 0:00:05]} f6 {[%emt 0:00:05]} 9. d4 {[%emt 0:00:01]} cxd4 {[%emt 0:00:01]} 10. cxd4 {[%emt 0:00:01]} Nf7 {[%emt 0:00:08]} 11. Nc3 {[%emt 0:00:02]} Rb8 {[%emt 0:00:03]} 12. b3 {[%emt 0:00:02]} O-O {[%emt 0:00:05]} 13. Qc2 {[%emt 0:00:17]} e5 {[%emt 0:00:15]} 14. Bb2 {[%emt 0:00:14]} Qb6 {[%emt 0:00:31]} 15. Rad1 {[%emt 0:00:01]} Bb7 {[%emt 0:00:12]} 16. Qd2 {[%emt 0:00:24]} Rbd8 {[%emt 0:00:05]} 17. Na4 {[%emt 0:00:09]} Qb5 {[%emt 0:00:15]} 18. Qe2 {[%emt 0:00:13]} Qxe2 {[%emt 0:00:04]} 19. Rxe2 {[%emt 0:00:01]} Ba6 {[%emt 0:00:01]} 20. Rc2 {[%emt 0:00:04]} Rc8 {[%emt 0:00:13]} 21. Rcd2 {[%emt 0:00:12]} Rfe8 {[%emt 0:00:09]} 22. dxe5 {[%emt 0:00:09]} fxe5 {[%emt 0:00:08]} 23. Ba3 {[%emt 0:00:09]} Bf8 {[%emt 0:00:06]} 24. Rc2 {[%emt 0:00:05]} Red8 {[%emt 0:00:09]} 25. Bb2 {[%emt 0:00:10]} Bg7 {[%emt 0:00:10]} 26. Nc3 {[%emt 0:00:05]} Rd7 {[%emt 0:00:08]} 27. h4 {[%emt 0:00:11]} Rcd8 {[%emt 0:00:02]} 28. Na4 {[%emt 0:00:05]} Bb5 {[%emt 0:00:04]} 29. Ng5 {[%emt 0:00:06]} Nxg5 {[%emt 0:00:02]} 30. hxg5 {[%emt 0:00:01]} Bxa4 {[%emt 0:00:02]} 31. bxa4 {[%emt 0:00:01]} d5 {[%emt 0:00:05]} 32. Rxc6 {[%emt 0:00:06]} dxe4 {[%emt 0:00:02]} 33. Rxd7 {[%emt 0:00:03]} Rxd7 {[%emt 0:00:01]} 34. Rc5 {[%emt 0:00:15]} Rd1+ {[%emt 0:00:03]} 35. Kh2 {[%emt 0:00:01]} Rd2 {[%emt 0:00:02]} 36. Bxe5 {[%emt 0:00:04]} Bxe5+ {[%emt 0:00:01]} 37. Rxe5 {[%emt 0:00:01]} Rxf2 {[%emt 0:00:02]} 38. Rxe4 {[%emt 0:00:05]} Rxa2 {[%emt 0:00:02]} 39. Rb4 {[%emt 0:00:04]} a5 {[%emt 0:00:01]} 40. Rf4 {[%emt 0:00:03]} Ra3 {[%emt 0:00:02]} 41. Rc4 {[%emt 0:00:05]} h6 {[%emt 0:00:02]} 42. Rc8+ {[%emt 0:00:05]} Kg7 {[%emt 0:00:01]} 43. Rc7+ {[%emt 0:00:01]} Kh8 {[%emt 0:00:02]} 44. gxh6 {[%emt 0:00:05]} Rxa4 {[%emt 0:00:01]} 45. Kh3 {[%emt 0:00:03]} g5 {[%emt 0:00:01]} 46. Ra7 {[%emt 0:00:03]} Rh4+ {[%emt 0:00:02]} 47. Kg3 {[%emt 0:00:01]} Rxh6 {[%emt 0:00:01]} 48. Rxa5 {[%emt 0:00:01]} 1/2-1/2

[Event "RUS-ch Women Blitz 2019"]
[Site "Sochi"]
[Date "2019.10.17"]
[Round "5.7"]
[White "Gritsayeva, Oksana"]
[Black "Lysenko, Margarita"]
[Result "1/2-1/2"]
[WhiteElo "2370"]
[BlackElo "2243"]
[Annotator "TA"]
[PlyCount "92"]
[EventDate "2019.10.17"]
[EventType "swiss"]
[EventCountry "RUS"]
[SourceTitle "playchess.com"]
[Source "ChessBase"]
[SourceQuality "1"]

{[%evp 14,92,8,4,9,5,18,8,35,31,53,27,110,95,90,92,95,91,265,257,397,397,517,495,455,329,366,309,459,464,537,533,676,669,567,-726,0,-313,-14,-331,-218,-541,-519,-1029,-1027,-893,-300,-283,-131,-923,-940,-922,-900,-958,-885,-870,-895,-954,-932,-29983,-1389,-12841,-787,-12843,-1032,-12844,-745,-1472,-789,-771,-704,-1785,-801,-12838,-2205,-29993,-1723,-12838,-2268,-29996,-12845]} 1. d4 Nf6 2. Nf3 ({Predecessor:} 2. Bg5 d5 3. e3 e6 4. Nd2 Be7 5. Bd3 c6 6. f4 Nbd7 7. Ngf3 h6 8. Bh4 c5 9. c3 c4 10. Bc2 b5 11. Ne5 {1-0 (48) Pride,S (1807)-Ali,G (1891) Hinckley Island 2012}) 2... e6 3. Bg5 Be7 4. e3 h6 5. Bh4 c5 6. c3 b6 7. Bd3 Bb7 8. Nbd2 d5 $146 {A46: 1 d4 Nf6 2 Nf3 e6: Torre, London and Colle Systems} (8... O-O 9. O-O cxd4 10. exd4 d6 11. Re1 Nbd7 12. a4 a6 13. h3 Nh5 14. Bxe7 Qxe7 15. Be4 Ndf6 16. Bxb7 Qxb7 17. g3 b5 18. Qb3 Qc6 19. Ra2 Nd5 20. Rea1 {½-½ (32) Bareev,E (2643)-Svidler,P (2729) Amsterdam 2019}) 9. Ne5 Nbd7 10. f4 c4 {The position is equal.} 11. Bc2 b5 12. Qf3 g5 (12... O-O $11 {remains equal.}) 13. fxg5 Nxe5 14. dxe5 Nd7 15. O-O {[%csl Gf1][%cal Rf3f7]} Rf8 $2 (15... Nxe5 $16 {was called for.} 16. Qh5 (16. Qf4 hxg5 17. Qxe5 Rxh4 $14) 16... Kd7) 16. g6 $1 $40 {[%cal Rg6f7][%mdl 128] White has strong attack.} Bxh4 (16... Nxe5 $142 17. Qh5 Nxg6 18. Bxg6 Bxh4) 17. g7 $1 {[%cal Rg7f8]} ({Stronger than} 17. gxf7+ Ke7 $15) 17... Qe7 {Threatens to win with ...Rg8.} 18. gxf8=Q+ Nxf8 19. a4 O-O-O 20. axb5 Qc5 (20... Nd7 $142 21. Qf4 Bg5) 21. Qxf7 Qxe3+ 22. Kh1 $1 Qxd2 23. Rxa7 {[%csl Ga7][%cal Rf7b7]} Nd7 {Hoping for ...Rf8.} 24. Bd1 $4 {[%mdl 8192]} (24. Qxe6 $18 Qe3 25. Rxb7 {[%mdl 64] Decoy} Kxb7 26. Qxd5+ Kc7 27. Qd6+ Kb7 28. Qc6+ Kb8 29. Ra1) 24... Qd3 $2 (24... Rf8 $1 $19 {[%cal Rf8f7]} 25. Qxf8+ Nxf8 26. Rxf8+ Bd8) 25. g3 $2 {[%mdl 8192] [#]} (25. Bg4 $11 Rf8 26. Qxf8+ Nxf8 27. Rxf8+ Kc7 28. Rf7+ Be7 29. h3 (29. Rxe7+ Kd8 $11)) 25... Bg5 $2 ({Better is} 25... Be7 $1 $19 {[%mdl 512]} 26. Qf3 (26. Qxe7 Qxf1#) 26... Kb8 27. Qxd3 cxd3) 26. Qf3 $2 {[%mdl 8192]} (26. Kg2 $1 $11 {and White has nothing to worry.}) 26... Qg6 27. b3 $2 (27. Qf7 Qxf7 28. Rxf7) 27... Rf8 $19 28. Qg2 (28. Qxf8+ $142 Nxf8 29. Rxf8+ Kc7 30. bxc4) 28... Rxf1+ 29. Qxf1 Qe4+ $2 (29... cxb3 {And now ...b2 would win.} 30. Bxb3 Qe4+ {[%mdl 64] Double Attack} 31. Qg2 Qb1+ 32. Qg1 Qxb3 33. Rxb7 Kxb7) 30. Bf3 {[#]} Qe3 ({Not} 30... Qxe5 31. bxc4 Kb8 32. Ra1 $17) (30... Qd3 $1 $19 {[%cal Rd3f1][%mdl 512] and Black stays clearly on top.} 31. Be2 Qe3 32. Rxb7 Kxb7 33. bxc4 Nxe5 34. cxd5 Qe4+ 35. Qg2 Qxg2+ 36. Kxg2 exd5) 31. bxc4 $2 {[%mdl 8192]} (31. Rxb7 $17 Kxb7 32. bxc4) 31... Qxa7 32. cxd5 Qe3 33. c4 Nxe5 34. Bg2 exd5 35. Qf8+ Bd8 {( -> ...Qe1+)} 36. h4 Nd7 (36... Qxg3 $142 37. Qc5+ {[#]} Kb8 $1 {[%mdl 512]} 38. Qd6+ Bc7 39. Qf8+ Ka7 $1 {[%mdl 512]} 40. b6+ Bxb6 41. c5 Qe1+ 42. Kh2 Bc7 43. Qf1 Nf3+ $1 {[%mdl 576] Double Attack, Discovered Attack (Double check)} 44. Kh1 Qg3 45. Qa1+ Ba6 46. Qxa6+ {[%mdl 64] Remove Defender} Kxa6 47. Bf1+ Ka7 48. h5 Qh2#) 37. Qd6 Qe5 38. Qb4 Qc7 39. cxd5 Qc5 40. Qe4 Qd6 41. Kh2 {[#]} Nf6 $1 42. Qc4+ Kb8 43. Qd4 Bc7 44. Qe3 Nxd5 (44... Ng4+ $142 45. Kg1 Nxe3 46. Kf2 Nxg2 47. Ke2 Qxd5 48. g4 Bg3 49. h5 Nf4+ 50. Kf1 Qh1#) 45. Qd3 h5 46. Qc3 Ne7 {[%mdl 32768] Accuracy: White = 31%, Black = 18%. . An unexpected result.} (46... Nxc3 $142 47. Kg1 Qxg3 {[%mdl 64] Double Attack} 48. Kf1 Bxg2+ 49. Kg1 Ne2#) 1/2-1/2